New England meeting house and church, 1630-1850 : a loan exhibition at the Currier Gallery of Art, Manchester, New Hampshire /

Bibliographic Details
Main Author: Benes, Peter
Corporate Authors: Currier Gallery of Art, Dublin Seminar for New England Folklife
Other Authors: Zimmerman, Philip D.
Format: Book
Language:English
Published: Boston, MA : Published by Boston University and the Currier Gallery of art for the Dublin Seminar for New England Folklife, [1979]
Subjects:

MARC

Tag First Indicator Second Indicator Subfields
LEADER 00000cam a2200000 a 4500
001 in00000079759
005 20151008054005.0
008 791003s1979 mauach bc 00010 engm
010 |a  79053115  
020 |a 087270050X :  |c $7.95 
035 |a (OCoLC)05565226 
035 |9 AAH9293AM 
040 |a DLC  |c DLC  |d TXA  |d UtOrBLW 
043 |a n-usn-- 
049 |a TXAM  |c [1195983] 
050 0 0 |a N7905  |b .B46 
082 0 |a 709.948/2/097407401428 
100 1 |a Benes, Peter. 
245 1 0 |a New England meeting house and church, 1630-1850 :  |b a loan exhibition at the Currier Gallery of Art, Manchester, New Hampshire /  |c Peter Benes & Philip D. Zimmerman. 
264 1 |a Boston, MA :  |b Published by Boston University and the Currier Gallery of art for the Dublin Seminar for New England Folklife,  |c [1979] 
264 4 |c ©1979 
300 |a xi, 177 pages :  |b illustrations, facsimiles, portraits ;  |c 22 cm. 
336 |a text  |b txt  |2 rdacontent 
337 |a unmediated  |b n  |2 rdamedia 
338 |a volume  |b nc  |2 rdacarrier 
504 |a Bibliography: page 110. 
650 0 |a Christian art and symbolism  |y Modern period, 1500-  |z New England  |x Exhibitions. 
650 0 |a Church decoration and ornament  |z New England  |x Exhibitions. 
650 0 |a Quaker church buildings  |z New England  |x Exhibitions. 
650 0 |a Protestant church buildings  |z New England  |x Exhibitions. 
700 1 |a Zimmerman, Philip D. 
710 2 |a Currier Gallery of Art. 
710 2 |a Dublin Seminar for New England Folklife. 
999 |a MARS 
999 f f |s bd77294c-4c04-32d0-9d56-c600b98e8b91  |i 00eeb3e0-dc42-30bf-a4a9-81c2094d37bf  |t 0 
952 f f |p normal  |a Texas A&M University  |b College Station  |c Sterling C. Evans Library  |d Evans: Library Stacks  |t 0  |e N7905 .B46  |h Library of Congress classification  |i unmediated -- volume  |m A14806166990 
998 f f |a N7905 .B46  |t 0  |l Evans: Library Stacks